[Event "USA-ch15 prel 02 corr"]
[White "Laing, Robert L"]
[Black "Smith, Donnie K"]
[Site "USA"]
[Round "?"]
[Result "1-0"]
[Date "2000.06.20"]
[WhiteElo "2123"]
[BlackElo "2027"]
[PlyCount "37"]
[EventDate "2000.06.20"]
[EventType "tourn (corr)"]
[EventRounds "12"]
[EventCountry "USA"]
[SourceTitle "Corr 2006"]
[Source "ChessBase"]
[SourceDate "2006.04.01"]
[SourceVersion "3"]
[SourceVersionDate "2006.04.01"]
[SourceQuality "1"]

1. e4 c5 2. Qe2 d6 3. f4 Nc6 4. Nf3 Bg4 5. Qf2 Nf6 6. d3 Bxf3 7. gxf3 g6 8. Bh3 Bg7 9. Nc3 Nd4 10. 0-0 e6 11. Be3 Nd7 12. Nd1 Qf6 13. c3 Nc6 14. Bd2 Ne7 15. Ne3 Bh6 16. Ng4 Qg7 17. Qh4 Ng8 18. Rae1 Ndf6 19. e5 1-0

[Event "USA-ch15 prel 02 corr"]
[White "Smith, Donnie K"]
[Black "Joyner, William David"]
[Site "USA"]
[Round "?"]
[Result "1-0"]
[Date "2000.06.20"]
[WhiteElo "2027"]
[BlackElo "2071"]
[PlyCount "45"]
[EventDate "2000.06.20"]
[EventType "tourn (corr)"]
[EventRounds "12"]
[EventCountry "USA"]
[SourceTitle "Corr 2006"]
[Source "ChessBase"]
[SourceDate "2006.04.01"]
[SourceVersion "3"]
[SourceVersionDate "2006.04.01"]
[SourceQuality "1"]

1. e4 c5 2. Nf3 d6 3. d4 cxd4 4. Nxd4 Nf6 5. Nc3 g6 6. Be3 Bg7 7. f3 0-0 8. Qd2 Nc6 9. Bc4 Bd7 10. 0-0-0 Rc8 11. Bb3 Ne5 12. h4 Nc4 13. Bxc4 Rxc4 14. g4 b5 15. h5 b4 16. Nd5 e6 17. Nxb4 Qa5 18. a3 Rfc8 19. hxg6 hxg6 20. Rh2 Qc7 21. Bh6 Nxe4 22. Bxg7 Nxd2 23. Bf6 1-0